Sports Quiz

Random Sports Quiz

30+ HR/SB Player With Most HR/SB Each Season Quiz Stats

 Plays Quiz not verified by Sporcle

Score 0/164 Timer 20:00
0 Plays Today
Year Player % Correct
1997Barry Bonds
97.4%
1996Barry Bonds
97.4%
1994Barry Bonds
97.4%
1992Barry Bonds
97.4%
1990Barry Bonds
97.4%
1978Bobby Bonds
97.4%
1977Bobby Bonds
97.4%
1975Bobby Bonds
97.4%
1973Bobby Bonds
97.4%
1972Bobby Bonds
97.4%
1971Bobby Bonds
97.4%
1969Bobby Bonds
97.4%
2013Alfonso Soriano
94.7%
2012Ryan Braun
94.7%
2011Matt Kemp
94.7%
2006Alfonso Soriano
94.7%
2005Alfonso Soriano
94.7%
2003Alfonso Soriano
94.7%
2002Alfonso Soriano
94.7%
1999Jeff Bagwell
94.7%
1998Alex Rodriguez
94.7%
1986Rickey Henderson
94.7%
1981Rickey Henderson
94.7%
2015Paul Goldschmidt
92.1%
2014Mike Trout
92.1%
2013Mike Trout
92.1%
2012Mike Trout
92.1%
2004Carlos Beltran
92.1%
2002Vladimir Guerrero
92.1%
2001Vladimir Guerrero
92.1%
1997Larry Walker
92.1%
1995Sammy Sosa
92.1%
1993Sammy Sosa
92.1%
1935Lou Gehrig
92.1%
1933Lou Gehrig
92.1%
1931Lou Gehrig
92.1%
1926Babe Ruth
92.1%
1924Babe Ruth
92.1%
1923Babe Ruth
92.1%
1921Babe Ruth
92.1%
1920 Babe Ruth
92.1%
1991Howard Johnson
89.5%
1989Howard Johnson
89.5%
1988Jose Canseco
89.5%
1981Mike Schmidt
89.5%
1980Mike Schmidt
89.5%
1976Mike Schmidt
89.5%
1974Mike Schmidt
89.5%
1967Hank Aaron
89.5%
1966Hank Aaron
89.5%
1965Hank Aaron
89.5%
1964Willie Mays
89.5%
1963Hank Aaron
89.5%
1962Willie Mays
89.5%
1960Hank Aaron
89.5%
Year Player % Correct
1959Willie Mays
89.5%
1958Willie Mays
89.5%
1957Willie Mays
89.5%
1956 Willie Mays
89.5%
1955Willie Mays
89.5%
1937Jimmie Foxx
89.5%
1936Jimmie Foxx
89.5%
1934Bob Johnson
89.5%
2008Hanley Ramirez
86.8%
2007Brandon Phillips
86.8%
2007Jimmy Rollins
86.8%
1962Frank Robinson
86.8%
1961Frank Robinson
86.8%
1958Mickey Mantle
86.8%
1949Jackie Robinson
86.8%
2016Mike Trout
84.6%
2016Mookie Betts
84.6%
2016Jose Altuve
84.6%
2014Carlos Gomez
84.2%
2008Grady Sizemore
84.2%
1987Eric Davis
84.2%
1987Darryl Strawberry
84.2%
2007David Wright
84.2%
1984Dale Murphy
84.2%
1984Ryne Sandberg
84.2%
1983Dale Murphy
84.2%
1982Dale Murphy
84.2%
1968Willie Davis
84.2%
1967Lou Brock
84.2%
1964Lou Brock
84.2%
1962Willie Davis
84.2%
1954Eddie Mathews
84.2%
1922Ken Williams
84.2%
2010Carlos Gonzalez
81.6%
2009Ian Kinsler
81.6%
2000Preston Wilson
81.6%
1994Kenny Lofton
81.6%
1986Kirby Puckett
81.6%
1980Andre Dawson
81.6%
1953Duke Snider
81.6%
1950Duke Snider
81.6%
1927Hack Wilson
81.6%
1986Kirk Gibson
78.9%
1985Kirk Gibson
78.9%
2015A.J. Pollock
76.3%
1991Ron Gant
76.3%
1951Gil Hodges
76.3%
1949Ralph Kiner
76.3%
1946 Hank Greenberg
76.3%
1939Hank Greenberg
76.3%
1921George Sisler
76.3%
1920George Sisler
76.3%
1972Dick Allen
73.7%
1968Dick Allen
73.7%
1940Johnny Mize
73.7%
Year Player % Correct
1979Don Baylor
71.1%
1952Pee Wee Reese
71.1%
1999Raul Mondesi
68.4%
1985Carlton Fisk
68.4%
1974Cesar Cedeno
68.4%
1959Luis Aparicio
68.4%
1942Mel Ott
68.4%
1932Chuck Klein
68.4%
1979Davey Lopes
65.8%
1970Tommy Harper
65.8%
1930Babe Herman
63.2%
1930Kiki Cuyler
63.2%
1929Kiki Cuyler
63.2%
1928Kiki Cuyler
63.2%
1926Kiki Cuyler
63.2%
1925Kiki Cuyler
63.2%
1924Kiki Cuyler
63.2%
1971Amos Otis
60.5%
1943Charlie Keller
60.5%
1941Charlie Keller
60.5%
1965Jim Wynn
57.9%
1960Vada Pinson
57.9%
1948Richie Ashburn
57.9%
2010Drew Stubbs
55.3%
1948Sid Gordon
55.3%
1925Bob Meusel
55.3%
1945Snuffy Stirnweiss
52.6%
1944Snuffy Stirnweiss
52.6%
1937Ben Chapman
52.6%
1932Ben Chapman
52.6%
1931Ben Chapman
52.6%
1928Jim Bottomley
50%
1927Frankie Frisch
47.4%
1966Tommie Agee
44.7%
1952Larry Doby
44.7%
1951Sam Jethroe
36.8%
1950Sam Jethroe
36.8%
1944Bill Nicholson
36.8%
1947Willard Marshall
34.2%
1946Pete Reiser
34.2%
1942George Case
31.6%
1941George Case
31.6%
1940George Case
31.6%
1939George Case
31.6%
1938Harlond Clift
31.6%
1929Don Hurst
31.6%
1947Bob Dillinger
23.7%
1943Wally Moses
21.1%
1937Billy Werber
21.1%
1923George Grantham
18.4%
1961Jake Wood
13.2%
1954Bill Bruton
13.2%
1968Jose Cardenal
10.5%
1936Lyn Lary
10.5%

You're not logged in!

Compare scores with friends on all Sporcle quizzes.
OR
Log In

You Might Also Like...

Show Comments

Extras

Created Jun 1, 2016ReportNominate
Tags:among, player, season, team, total

Top Quizzes Today


Score Distribution

Your Account Isn't Verified!

In order to create a playlist on Sporcle, you need to verify the email address you used during registration. Go to your Sporcle Settings to finish the process.

Report this User

Report this user for behavior that violates our Community Guidelines.

Details: